[Event "Poikovsky Karpov 17th"]
[Site "Poikovsky"]
[Date "2016.08.01"]
[Round "9"]
[White "Kovalenko, Igor"]
[Black "Korobov, Anton"]
[Result "0-1"]
[WhiteElo "2667"]
[BlackElo "2656"]
[Annotator "Besenthal,Klaus Guenter"]
[PlyCount "52"]
[EventDate "2016.07.23"]
[EventType "tourn"]
[EventRounds "9"]
[EventCountry "RUS"]
[EventCategory "18"]
[SourceTitle "CBM 174"]
[Source "ChessBase"]
[SourceDate "2016.09.13"]
[SourceVersion "1"]
[SourceVersionDate "2016.09.13"]
[SourceQuality "1"]

1. c4 e6 2. Nc3 d5 3. d4 c6 4. e3 Nd7 5. Qc2 a6 6. Nf3 f5 $6 {Diagramm [#] Sehr ungewöhnlich! Objektiv betrachtet dürfte dies kein guter Zug sein: Der Stonewall ist weniger empfehlenswert, wenn Weiß noch nicht g2-g3 gezogen hat, und der Zug a7-a6 scheint auch nicht unbedingt nützlich zu sein. Aber: Korobov hat einen halben Punkt Vorsprung in der Tabelle und spielt in der letzten Runde scharf auf Gewinn - Respekt!} 7. b3 ({Die Computer empfehlen hier aus offensichtlichen Gründen} 7. c5) 7... Bd6 {Jetzt gelangt der schwarze Läufer auf die gute Diagonale.} 8. Bd3 Nh6 {Noch ein interessanter Zug. Der Springer stünde auf f7 auf jeden Fall nicht schlecht, und f6 bleibt für den Sd7 zugänglich.} 9. Bb2 Qe7 $146 ({RR} 9... O-O 10. h3 Kh8 11. a4 dxc4 12. Bxc4 Nb6 13. Ba3 Bxa3 14. Rxa3 Nd5 15. O-O Nf7 16. Raa1 a5 17. Rfe1 Nd6 18. Rad1 Bd7 19. Ne5 Be8 20. Be2 Qg5 21. Nxd5 exd5 22. Qc5 Qd8 23. Bd3 Rc8 24. Rc1 {Pratyusha,B (2289)-Mohota,N (2262) New Delhi 2016 1-0 (82)}) 10. h3 (10. O-O $1 {Der Verzicht auf die Rochade ist nicht sehr plausibel und rächt sich am Ende böse.}) 10... O-O 11. c5 (11. g4 $2 {- eigentlich nicht untypisch für diese Variante - funktioniert hier nicht gut:} fxg4 12. Bxh7+ Kh8 13. Nd2 Qh4 14. O-O-O gxh3 $17) 11... Bc7 12. Na4 Nf7 13. Nd2 e5 {Diagramm [#] Das weiße Spiel bis hierher wirkt planlos - der Vorteil des Anziehenden ist komplett weg.} 14. Bxf5 e4 {Schwarz hat Kompensation: Raumvorteil, f-Linie - und demnächst auch das Läuferpaar?} 15. Nxe4 $6 {Nein!} dxe4 16. Qxe4 Qg5 {Korobov spielt konsequent auf Angriff. Der weiß König steht ja auch noch immer ungeschützt in der Brettmitte.} (16... Qxe4 17. Bxe4 Nf6 18. Bd3 Re8 {war auch nicht schlecht - die weißen Bauern wären blockiert geblieben.}) 17. Bxh7+ Kh8 18. h4 Qh6 19. Bg6 Nf6 20. Qe7 Ba5+ 21. Bc3 Kg8 22. Bxa5 Qxg6 23. Nb6 Bg4 24. Qc7 {Führt zum raschen "Ende mit Schrecken".} (24. Nxa8 Nd5 25. Qxf8+ (25. Qxb7 Qd3) 25... Kxf8 26. Kd2 Qe4 27. Nb6 Bf5 28. Nxd5 cxd5 {wäre eher der "Schrecken ohne Ende" gewesen.}) 24... Qd3 25. f3 Qxe3+ 26. Kf1 Bf5 {Für einen Spieler vom Kaliber Kovalenkos war dies eine ziemlich schwere Niederlage.} 0-1

[Event "Geneva FIDE GP"]
[Site "Geneva"]
[Date "2017.07.07"]
[Round "2"]
[White "Hou, Yifan"]
[Black "Riazantsev, Alexander"]
[Result "1/2-1/2"]
[WhiteElo "2666"]
[BlackElo "2654"]
[Annotator "Yermolinsky,Alex "]
[PlyCount "91"]
[EventDate "2017.07.06"]
[EventType "swiss"]
[EventRounds "9"]
[EventCountry "SUI"]
[SourceTitle "CBM 180"]
[Source "ChessBase"]
[SourceDate "2017.09.13"]
[SourceVersion "1"]
[SourceVersionDate "2017.09.13"]
[SourceQuality "1"]

1. c4 e6 2. Nc3 d5 3. d4 Be7 4. cxd5 exd5 5. Bf4 c6 6. e3 Bd6 7. Bg3 Ne7 8. Bd3 Bf5 9. Nge2 ({RR} 9. Bxf5 Nxf5 10. Qd3 Qf6 11. Nf3 Nd7 12. O-O-O O-O-O 13. e4 Bxg3 14. hxg3 dxe4 15. Nxe4 Qe6 16. Kb1 h6 17. Rhe1 Nd6 18. d5 cxd5 19. Qc3+ Nc4 20. Ned2 Qg6+ 21. Ka1 Qf6 22. Nxc4 Qxc3 23. Nd6+ {1-0 (23) Morozevich,A (2750)-Jakovenko,D (2736) Moscow 2009}) 9... O-O 10. a3 ({RR} 10. O-O Re8 11. f3 Bxd3 12. Qxd3 Bxg3 13. Nxg3 Nd7 14. e4 dxe4 15. fxe4 c5 16. d5 Ne5 17. Qe3 Rc8 18. b3 g6 19. Nge2 Qd6 20. h3 a6 21. a4 b6 22. Rab1 Rcd8 23. Kh1 Nc8 24. Nf4 Qe7 {Papasimakopoulos,A (2348)-Samdanov,S (2294) chess.com INT 2026 1-0 (98)}) 10... a5 $146 ({RR} 10... Bxd3 11. Qxd3 a5 12. e4 dxe4 13. Nxe4 Nf5 14. Nxd6 Nxd6 15. O-O Re8 16. Nc3 Na6 17. Rad1 Nc7 18. d5 Nxd5 19. Nxd5 cxd5 20. Qxd5 Ne4 21. Qxb7 Qf6 22. Rfe1 Nxg3 23. Rxe8+ Rxe8 24. hxg3 h5 25. Qb5 {Tologontegin,S (2358)-Magalashvili,D (2456) Chess.com INT 2020 1-0 (42)}) ({RR} 10... Bxd3 11. Qxd3 a5 12. e4 dxe4 13. Nxe4 Nf5 14. Nxd6 Nxd6 15. O-O Re8 16. Nc3 Na6 17. Rad1 Nc7 18. d5 Nxd5 19. Nxd5 cxd5 20. Qxd5 Ne4 21. Qxb7 Qf6 22. Rfe1 Nxg3 23. Rxe8+ Rxe8 24. hxg3 h5 25. Qb5 {Tologontegin,S (2358)-Magalashvili,D (2456) Chess.com INT 2020 1-0 (42)}) 11. Rc1 Bxd3 12. Qxd3 Na6 13. Na4 Nc8 14. Nc5 Qe7 15. Qc3 Ra7 16. O-O Nc7 17. Nf4 Bxf4 18. Bxf4 Ne6 19. Bb8 Ra8 20. Bg3 Nb6 21. a4 Rfe8 22. b3 Nxc5 23. dxc5 Nd7 24. Rfe1 Nf8 25. h3 f6 26. Re2 Qf7 27. Rb2 Ng6 28. b4 axb4 29. Rxb4 Ne5 30. Rcb1 Re7 31. e4 Rd8 32. Rd1 h6 33. Qb3 Red7 34. exd5 cxd5 35. Rb1 Nc4 36. Rxb7 Nd2 37. Qb6 Nxb1 38. c6 Nc3 39. cxd7 Rxd7 40. Rxd7 Qxd7 41. a5 d4 42. a6 d3 {A good, consistent game from Hou up to this point.} 43. Qb3+ $2 {A bad mistake, throwing away the win. Keep in mind, this was played after the time control. With this move, she loses her a-pawn and advantage.} (43. a7 d2 44. a8=Q+ Kh7 45. Qbb8 d1=Q+ 46. Kh2 Q1d5 {is just equal,}) ({but} 43. Bf4 $1 {would crown her efforts:} Nb5 (43... Ne2+ 44. Kh2 Nxf4 45. a7 d2 46. a8=Q+ Kh7 47. Qb1+ f5 48. Qf3 {etc.}) 44. Qb7 Qf5 45. Be3 {winning the knight and the game.}) 43... Kh8 44. a7 Ne2+ 45. Kh2 Qxa7 46. Qxd3 1/2-1/2

[Event "Novy Bor m1"]
[Site "Novy Bor"]
[Date "2013.09.25"]
[Round "6"]
[White "Laznicka, Viktor"]
[Black "Topalov, Veselin"]
[Result "0-1"]
[WhiteElo "2677"]
[BlackElo "2769"]
[Annotator "Ramirez Alvarez,Alejandro"]
[PlyCount "76"]
[EventDate "2013.09.19"]
[EventType "match"]
[EventRounds "6"]
[EventCountry "CZE"]
[SourceTitle "CBM 157"]
[Source "ChessBase"]
[SourceDate "2013.11.12"]
[SourceVersion "1"]
[SourceVersionDate "2013.11.12"]
[SourceQuality "1"]

1. c4 e6 2. Nc3 d5 3. d4 Be7 {There's always a lot to be said about the Orthodox type of position in the Queen's Gambit. Obviously Black isn't aiming for an utlra-aggressive setup the way that the King's Indian or Benoni deal with the opening, and it's even more solid than a Queen's Indian or a Slav, so why isn't it more popular? The reason really is that it is quite passive and if White doesn't do anything special he should retain the slightest of edges. However, once in a while, specially lately, White goes for immediate aggression to try to punish Black for trying to develop so harmoniously.} 4. cxd5 exd5 5. Bf4 c6 6. e3 Bf5 (6... Bd6 7. Bxd6 Qxd6 {is also a popular line.}) 7. g4 $5 {Nothing new under the sun. This idea has been around since the age of Botvinnik, but only lately has White really explored all of its potential.} Be6 8. Bd3 (8. h4 $5 Nd7 9. g5 h6 10. g6 {was seen just yesterday in the game Stefanova-Kosteniuk, Tashkent Grand Prix}) 8... Nd7 9. Bf5 $5 {Not entirely new. Volkov tried it unsuccessfully against Grachev last year, but whenever Volkov essays something grandmasters look at it with interest.} ({RR} 9. h3 g5 10. Be5 Nxe5 11. dxe5 d4 12. exd4 Qxd4 13. Nf3 Qf4 14. Be4 Bb4 15. Qd4 Bxc3+ 16. bxc3 h5 17. gxh5 Rd8 18. Qe3 Qxe3+ 19. fxe3 Rxh5 20. Rg1 Bd5 21. Nxg5 Bxe4 22. Nxe4 Ke7 23. Rd1 Rxd1+ {Navara,D (2702)-Riazantsev,A (2679) Mulhouse 2011 ½-½ (45)}) ({RR} 9. h3 h5 10. gxh5 Ndf6 11. Be2 Nh6 12. a3 Nf5 13. Bg4 Bd6 14. Bg5 Qb6 15. Rb1 Ne4 16. Nxe4 dxe4 17. Ne2 Bb3 18. Qd2 Nh6 19. Nc3 f5 20. Be2 Nf7 21. Rg1 Qc7 22. Bh4 g5 23. Bg3 O-O-O {Afanasiev,N (2541)-Ponomarev,V (2247) Sochi RUS 2024 1-0 (58)}) 9... Bxf5 $146 {already new, Gracehv chose Nf8.} ({RR} 9... Nf8 10. Nf3 h5 11. Bxe6 Nxe6 12. gxh5 Nxf4 13. exf4 Nf6 14. Ne5 Qc8 15. Qb3 Nxh5 16. Ne2 Nf6 17. Ng3 Ng4 18. Rc1 Nxe5 19. fxe5 Rh4 20. Rd1 Qd7 21. Qf3 g6 22. O-O O-O-O 23. Rfe1 Qe6 24. Qg2 {Volkov,S (2623)-Grachev,B (2705) Nakhchivan 2012 0-1 (36)}) 10. gxf5 Bb4 11. Nge2 Ne7 12. Qc2 {White's pawn on f5 is very weak, but it is hard to get to. The open f-file and the potential to set up a strong pawn center compensate.} Nb6 13. f3 $2 {Strangely we will see that this move is the source of all of White's problems from now on. Of course, hindsight is 20/20.} (13. Rg1 g6 14. Be5 {was certainly more to the point.}) 13... g6 $5 {Black takes advantage of the fact that the f3 move has somewhat weakened darksquares, specifically the h4-e1 diagonal and the e3 square. Topalov's idea is very strong.} 14. fxg6 Nxg6 $1 {Topalov's idea.} 15. O-O-O Qe7 16. Rd3 Nc4 {The pressure on e3 is ramping up, and Laznicka decides to kick out this knight from c4, but at the cost of further weakening his dark squares.} 17. b3 Na3 18. Qb2 Nxf4 19. Nxf4 Rg8 {With white's discoordinated rooks, it is suddenly Black that takes advantage of the open g-file.} 20. Qf2 O-O-O 21. Kb2 Kb8 22. Nb1 Rde8 23. Nxa3 Bxa3+ 24. Kb1 Bd6 {White's position is very discoordinated, and oh did he wish his pawn on f3 was back on f2...} 25. Ne2 Qe6 26. Nc3 Qf5 27. Rhd1 Rg6 28. R1d2 Qh3 29. f4 Qf5 30. Ne2 h5 31. Ng3 Qg4 32. Qe2 h4 33. Qxg4 Rxg4 34. Nf5 Bb4 {White hasn't lost material yet, but his position keeps becoming worse and worse. His rooks are horrible compared to their counterparts and specially h2 will be hard to hold on to.} 35. h3 (35. Rf2 Rh8 $1 {Suddenly puts the question to the knight on f5: how exactly are you going to go back? The threat is Rh5.}) 35... Rg6 36. Re2 (36. Nxh4 Rg1+ 37. Rd1 Rxd1+ 38. Rxd1 Rxe3 {is hopeless as White is about to lose a pawn or two.}) 36... Rh8 37. e4 Rf6 38. Ng7 Rg8 {The lone knight on g7 persishes as his rooks are unable to support him. Topalov played a positionally brilliant game to conclude this match.} 0-1

[Event "Candidates Tournament"]
[Site "Kazan"]
[Date "2011.05.08"]
[Round "1.4"]
[White "Grischuk, Alexander"]
[Black "Aronian, Levon"]
[Result "1/2-1/2"]
[WhiteElo "2747"]
[BlackElo "2808"]
[Annotator "Marin,Mihail"]
[PlyCount "33"]
[EventDate "2011.05.05"]
[EventType "k.o."]
[EventRounds "3"]
[EventCountry "RUS"]
[SourceTitle "CBM 143"]
[Source "ChessBase"]
[SourceDate "2011.07.15"]
[SourceVersion "1"]
[SourceVersionDate "2011.07.15"]
[SourceQuality "1"]

1. d4 d5 2. c4 e6 3. Nc3 Be7 4. cxd5 exd5 5. Bf4 c6 6. e3 Bf5 7. Nge2 Nd7 8. Ng3 Bg6 9. Be2 Nb6 $5 {A flexible move, delaying ...f6 in order to prevent an early h2-h4.} (9... Ngf6 10. h4 {and}) (9... Qb6 10. Qd2 h5 {are more popular continuations.}) 10. Rc1 $5 {An useful waiting move, inviting Black to play ...f6.} Nf6 11. h4 h6 $146 (11... h5 12. Bg5 Kf8 13. Bxf6 Bxf6 14. Bxh5 Bxh5 15. Nxh5 Bxh4 16. Nf4 g6 $11 {Wang Yue (2644)-Barsov,A (2537)/Doha 2006/CBM 115 ext (1/2, 20)}) 12. h5 Bh7 13. Bd3 Bxd3 14. Qxd3 O-O 15. Nf5 Re8 16. f3 Bf8 $146 ({RR} 16... Nc4 17. b3 Nd6 18. Bxd6 Bxd6 19. Kf2 Bf8 20. g4 Nh7 21. Na4 Ng5 22. Nc5 b6 23. Na6 Rc8 24. b4 Qf6 25. Qe2 Kh7 26. Kg2 g6 27. Ng3 Bd6 28. f4 Ne4 29. hxg6+ fxg6 30. Nxe4 Rxe4 31. Rxh6+ {Tarasov,A (2124)-Marek,M (1975) Prague 2012 ½-½ (42)}) 17. Kf2 {White has considerable space advantage, but the weakness of the e3-pawn may tell in the event of minor piece exchanges.} (17. Kf2 Nc4 18. b3 Nd6 $132) 1/2-1/2

[Event "FIDE World Cup"]
[Site "Khanty-Mansiysk"]
[Date "2007.12.01"]
[Round "3.2"]
[White "Mamedyarov, Shakhriyar"]
[Black "Cheparinov, Ivan"]
[Result "1/2-1/2"]
[WhiteElo "2752"]
[BlackElo "2670"]
[Annotator "ChessBase"]
[PlyCount "51"]
[EventDate "2007.11.24"]
[EventType "k.o."]
[EventRounds "7"]
[EventCountry "RUS"]
[SourceTitle "CBM 122"]
[Source "ChessBase"]
[SourceDate "2008.01.30"]
[SourceVersion "1"]
[SourceVersionDate "2008.01.30"]
[SourceQuality "1"]

1. d4 d5 2. c4 c6 3. Nc3 Nf6 4. e3 e6 5. Qc2 Nbd7 6. Bd2 Bd6 7. e4 {Mamedjarov needed to win, but this rare set-up cannot set any opening problems for Black.} ({RR} 7. Rc1 O-O 8. Nf3 Qe7 9. Bd3 dxc4 10. Bxc4 e5 11. dxe5 Nxe5 12. Be2 Bg4 13. Nd4 Bxe2 14. Ncxe2 Bc7 15. Qc5 Nd3+ {0-1 (15) Modes,A (1589)-Moritani,S (1578) Sao Paulo 2022}) 7... Nxe4 8. Nxe4 dxe4 9. Qxe4 c5 $146 ({RR} 9... Nf6 10. Qc2 c5 11. Nf3 cxd4 12. Nxd4 Be7 13. Bc3 Bd7 14. O-O-O Qc7 15. Kb1 O-O 16. Bd3 Kh8 17. Qe2 a5 18. Nf5 exf5 19. Qxe7 Rae8 20. Qa3 Ne4 21. Bxe4 fxe4 22. Bxa5 b6 23. Bb4 Ra8 24. Bxf8 {Sanchez Alvarez,R (2409)-Ghazarian,K (2220) Philadelphia 2021 ½-½ (41)}) ({RR} 9... Nf6 10. Qc2 c5 11. Nf3 cxd4 12. Nxd4 Be7 13. Bc3 Bd7 14. O-O-O Qc7 15. Kb1 O-O 16. Bd3 Kh8 17. Qe2 a5 18. Nf5 exf5 19. Qxe7 Rae8 20. Qa3 Ne4 21. Bxe4 fxe4 22. Bxa5 b6 23. Bb4 Ra8 24. Bxf8 {Sanchez Alvarez,R (2409)-Ghazarian,K (2220) Philadelphia 2021 ½-½ (41)}) 10. dxc5 Nxc5 11. Qe3 O-O 12. b4 Nd7 13. c5 Be7 14. Rc1 a5 15. a3 axb4 16. axb4 Nf6 17. Nf3 Bd7 18. Ne5 Bc6 19. Bd3 Qc7 20. O-O Rfd8 21. Rfd1 Ra3 22. Qe2 Ba4 23. Re1 Raxd3 {This must have came as a shock for Mamedjarov, but in fact White can still find resources to play on.} 24. Nxd3 Qd7 25. Ra1 (25. Rc3 $2 Bb5 $19) 25... Bc6 (25... Bb5 $2 {loses in view of} 26. Ne5) ({To equality leads} 25... Qxd3 26. Qxd3 Rxd3 27. Rxa4 Rxd2 28. Ra7 Rd7 29. Rea1 {but here too White can continue to play on.}) 26. Ne5 $2 {Probably disgusted with the turn of events, Mamedjarov made this move and offered a draw, which was accepted by Cheparinov, who thus won the match. Under other circumstances the Bulgarian would have most likely continued the game, since in the resulting endgame Black has material advantage and more active pieces.} ({Stronger is} 26. b5 $1 {and in comparison to 26.Ne5 here the pawns are not blockaded:} Be4 ({perhaps better is} 26... Bxb5 27. Ne5 Bxe2 28. Nxd7 Nxd7 29. Rxe2 Nxc5 {and Black must be able to make a draw.}) 27. Ne5 Qxd2 28. Qxd2 Rxd2 29. Ra8+ Rd8 (29... Bf8 30. c6 bxc6 31. bxc6 $16) 30. Rea1 {with a completely unclear position}) ({After} 26. Ne5 {a possible continuation is} Qxd2 27. Qxd2 Rxd2 28. Nxc6 bxc6 29. Ra6 Nd5 30. Rxc6 Nxb4 31. Rc8+ Rd8 32. Rxd8+ Bxd8 33. Rb1 {(otherwise Black plays Nd5 and Bc7)} Ba5 34. Ra1 Nc6 {and Black will soon regroup his pieces, with clear advantage.}) 1/2-1/2

[Event "Dortmund SuperGM 36th"]
[Site "Dortmund"]
[Date "2008.07.04"]
[Round "5"]
[White "Van Wely, Loek"]
[Black "Gustafsson, Jan"]
[Result "0-1"]
[WhiteElo "2677"]
[BlackElo "2603"]
[Annotator "RR"]
[PlyCount "36"]
[EventDate "2008.06.28"]
[EventType "tourn"]
[EventRounds "7"]
[EventCountry "GER"]
[EventCategory "18"]
[SourceTitle "CBM 125"]
[Source "ChessBase"]
[SourceDate "2008.07.30"]
[SourceVersion "1"]
[SourceVersionDate "2008.07.30"]
[SourceQuality "1"]

1. c4 e6 2. d4 d5 3. Nc3 c6 4. e4 dxe4 5. Nxe4 Bb4+ 6. Bd2 Qxd4 7. Bxb4 Qxe4+ 8. Be2 Na6 9. Ba5 b6 10. Qd6 Bd7 11. O-O-O O-O-O 12. Bc3 f6 13. Bf3 $6 {This innovation was quite certainly prepared without an engine. Diese Neuerung war ganz sicher nicht mit einer Engine vorbereitet worden.} ({In Kuzmin's article on the Slav Gambit (CBM 124) In Kuzmins Artikel über das Slawische Gambit (CBM 124) wird} 13. Qa3 {is mentioned: erwähnt:} Kb7 14. Bf3 Qf4+ 15. Rd2 Qc7 $1 16. Ne2 e5 $11) ({RR} 13. b3 Qxg2 14. Bf3 Qg5+ 15. Kb2 Qc5 16. Qg3 Ne7 17. Qxg7 Nf5 18. Qxf6 Rhf8 19. Qg5 Qxf2+ 20. Rd2 Qe3 21. Qxe3 Nxe3 22. Rd3 Nf5 23. b4 e5 24. Be4 Nd4 25. Nf3 Bf5 26. Nd2 c5 27. b5 Nb4 {Van Wely,L (2697)-Shirov,A (2715) Monte Carlo 2002 0-1 (45)}) ({RR} 13. Qa3 Kb7 14. Bf3 Qxc4 15. Be2 Qf4+ 16. Bd2 Qxf2 17. Qxa6+ Kb8 18. Bf3 e5 19. Ne2 Bf5 20. Nc3 Ne7 21. Qa3 Nd5 22. Rhf1 Qd4 23. Bxd5 cxd5 24. Rxf5 Qg4 25. Rf2 Qg6 26. Nb5 Rd7 27. Qg3 Rc8+ {Kashlinskaya,A (2474)-Dayal,S (2264) chess.com INT 2026 0-1 (72)}) 13... Qxc4 14. Be2 $146 (14. Qa3 Nc7 15. Qxa7 Qa6 {and Black has an extra pawn in the ending. und Schwarz hat einen Mehrbauern im Endspiel.}) ({RR} 14. Qa3 Nc5 15. Ne2 Qa6 16. Qb4 Ne7 17. Kb1 Nd5 18. Bxd5 exd5 19. Nd4 Nd3 20. Qe7 Nxf2 21. Qxg7 Nxh1 22. Rxh1 Qd3+ 23. Ka1 c5 24. Ne6 Bxe6 25. Qxa7 d4 26. Qxb6 dxc3 27. Qc6+ Kb8 28. Qb6+ Ka8 {Bick,J (2247)-Balazs,G (2277) Budapest 2006 0-1 (67)}) 14... Qxa2 15. Nf3 Nc5 16. Ne5 Ne4 17. Bc4 Qa1+ 18. Kc2 Qa4+ 0-1

[Event "ESP-chT CECLUB Honor"]
[Site "Melilla"]
[Date "2011.11.23"]
[Round "3"]
[White "Aleksandrov, Aleksej"]
[Black "Negi, Parimarjan"]
[Result "0-1"]
[WhiteElo "2626"]
[BlackElo "2617"]
[Annotator "RR"]
[PlyCount "58"]
[EventDate "2011.11.21"]
[EventType "team-tourn"]
[EventRounds "7"]
[EventCountry "ESP"]
[SourceTitle "CBM 146"]
[Source "ChessBase"]
[SourceDate "2012.01.18"]
[SourceVersion "1"]
[SourceVersionDate "2012.01.18"]
[SourceQuality "1"]
[WhiteTeam "Cajacanarias"]
[BlackTeam "Solvay"]
[WhiteTeamCountry "ESP"]
[BlackTeamCountry "ESP"]

1. d4 d5 2. c4 e6 3. Nc3 Be7 4. cxd5 exd5 5. Bf4 c6 6. Qc2 Nf6 7. e3 Nh5 8. Be5 Nd7 9. Be2 Nxe5 10. dxe5 g6 11. Bxh5 gxh5 12. Nge2 f6 13. exf6 Bxf6 14. Rd1 Qe7 ({RR} 14... O-O 15. O-O Qe8 16. e4 dxe4 17. Nxe4 Bg7 18. N2c3 Bf5 19. Qb3+ Qe6 20. Qxe6+ Bxe6 21. Rd6 Rae8 22. Re1 b5 23. a3 a5 24. h4 b4 25. axb4 axb4 26. Na4 Bd5 27. Nf6+ Bxf6 28. Rxe8 Rxe8 29. Rxf6 {Aleksandrov,A (2612)-Shimanov,A (2549) Moscow 2012 ½-½ (41)}) 15. e4 d4 16. Nxd4 Qg7 17. Nde2 $146 (17. Nce2 O-O 18. O-O $16) ({RR} 17. Qd3 Qxg2 18. Qf3 Qxf3 19. Nxf3 Bg4 20. Rd3 O-O 21. Nd2 Bh4 22. Rf1 Rad8 23. Rxd8 Rxd8 24. h3 Bxh3 25. Rh1 Bg5 26. Nf3 Bg2 27. Rxh5 Bc1 28. Nh4 Bh3 29. Nf5 Bd2+ {0-1 (29) Laurusas,T (2425)-Ladva,O (2224) Maribor 2012}) 17... Qxg2 $15 18. Rg1 Qxh2 19. Qb3 Rf8 20. f4 Bg4 21. Rxg4 hxg4 22. Qe6+ Be7 23. Rd7 Qh4+ 24. Kf1 Rf7 25. Rxb7 Kf8 26. Qxc6 Rd8 27. e5 Rd3 28. Qc8+ Kg7 29. Kg2 Rf3 0-1

[Event "Comet Open Titled Winners"]
[Site "chess.com INT"]
[Date "2025.10.18"]
[Round "3.1"]
[White "Sarana, A."]
[Black "Nihal, Sarin"]
[Result "0-1"]
[WhiteElo "2661"]
[BlackElo "2700"]
[PlyCount "142"]
[EventDate "2025.10.18"]
[EventType "k.o."]

1. d4 d5 2. c4 e6 3. Nc3 h6 4. Nf3 Nf6 5. cxd5 exd5 6. Bf4 c6 7. e3 Bf5 8. Be2 Bd6 9. Bxd6 Qxd6 10. O-O O-O 11. Bd3 Bxd3 12. Qxd3 Nbd7 13. b4 b5 14. a4 a6 15. Rfb1 $146 ({RR} 15. Rab1 Nb6 16. Rfc1 Nc4 17. e4 dxe4 18. Nxe4 Nxe4 19. Qxe4 Rfe8 20. Qf5 Rad8 21. h3 Re6 22. axb5 axb5 23. Rd1 Rf6 24. Qc5 Re6 25. d5 cxd5 26. Nd4 Rg6 27. Qxd6 Nxd6 28. Nc6 Re8 29. Rxd5 Kh7 {Zhao,Z (2171)-Leitgeb,J (2311) chess.com INT 2025 0-1 (45)}) ({RR} 15. Rab1 Nb6 16. Rfc1 Nc4 17. e4 dxe4 18. Nxe4 Nxe4 19. Qxe4 Rfe8 20. Qf5 Rad8 21. h3 Re6 22. axb5 axb5 23. Rd1 Rf6 24. Qc5 Re6 25. d5 cxd5 26. Nd4 Rg6 27. Qxd6 Nxd6 28. Nc6 Re8 29. Rxd5 Kh7 {Zhao,Z (2171)-Leitgeb,J (2311) chess.com INT 2025 0-1 (45)}) 15... Nb6 16. a5 Nc4 17. Ne2 Rfe8 18. Nc1 Ne4 19. Qc2 Re7 20. Nd3 Rae8 21. Nde5 Qf6 22. h3 h5 23. Ra2 Re6 24. Qd3 Qf5 25. Rc1 g5 26. Nh2 g4 27. hxg4 Nxe5 28. dxe5 hxg4 29. f3 gxf3 30. gxf3 Rg6+ 31. Rg2 Rxg2+ 32. Kxg2 Qg5+ 33. Ng4 Qh4 34. Rg1 Qg3+ 35. Kf1 Qxf3+ 36. Ke1 Kf8 37. Qc2 Re6 38. Qh2 Ke7 39. Qh4+ Ke8 40. Qh8+ Kd7 41. Qb8 Rg6 42. Qb7+ Ke8 43. Qc8+ Ke7 44. Qxa6 Nf2 45. Qb7+ Kf8 46. Qc8+ Kg7 47. Kd2 Nxg4 48. Re1 Qf2+ 49. Re2 Qf3 50. Qxc6 Nxe5 51. Qc3 Qf6 52. Qd4 Nc4+ 53. Kd3 Qxd4+ 54. Kxd4 Rc6 55. Rg2+ Kf8 56. Rf2 Rd6 57. Rf1 Re6 58. Kd3 Nd6 59. Kd4 Ne4 60. Kxd5 Ra6 61. Kd4 Nf6 62. Rf5 Ne4 63. Re5 Rd6+ 64. Kxe4 Re6 65. Rxe6 f6 66. Kf5 Kf7 67. Rxf6+ Kg7 68. Re6 Kh7 69. Re5 Kg7 70. Rd5 Kg8 71. Rc5 Kh8 0-1